Entry Nombre personal
001 - NÚMERO DE CONTROL
- campo de control: 24234
003 - IDENTIFICADOR DE NÚMERO DE CONTROL
- campo de control: SpMaBN
005 - FECHA Y HORA DE LA ÚLTIMA TRANSACCIÓN
- campo de control: 20250903062951.0
008 - ELEMENTOS DE DATO DE LONGITUD-FIJA
- campo de control de longitud fija: 901120nn aijnnaabn a aaa
016 ## - NÚMERO DE CONTROL DE UNA AGENCIA BIBLIOGRÁFICA NACIONAL
- Número de control del registro: BNE19900378941
024 7# - IDENTIFICADOR DE OTROS ESTÁNDARES
- Número estándar o código: http://viaf.org/viaf/121689690/
- Fuente: viaf
024 7# - IDENTIFICADOR DE OTROS ESTÁNDARES
- Número estándar o código: https://isni.org/isni/0000000080308320
- Fuente: isni
040 ## - FUENTE DE CATALOGACIÓN
- Centro catalogador/agencia de origen: SpMaBN
- Lengua de catalogación: spa
- Centro/agencia transcriptor: SpMaBN
- Normas de descripción: rdc
- Convención/Normas de encabezamiento de materia/tesauro: embne
046 ## - FECHAS CON CODIFICACIÓN ESPECIAL
- Fecha de nacimiento: 1742
- Fecha de la muerte: 1821
100 1# - ENCABEZAMIENTO-NOMBRE DE PERSONA
- Nombre de persona: Azara, Félix de,
- Fechas asociadas al nombre: 1742-1821
370 ## - LUGAR ASOCIADO
- Lugar de nacimiento: Barbuñales, Huesca, España
- Fuente de información: (Wikidata)
- Número de control del registro de autoridad o número normalizado: XX5487730
375 ## - GÉNERO/SEXO
- Género: Masculino
377 ## - IDIOMA ASOCIADO
- Código del idioma: spa
- Término de lengua/lenguaje: Español
400 1# - TRAZADO DE VÉASE--NOMBRE DE PERSONA
- Nombre de persona: Azara, Félix,
- Fechas asociadas al nombre: 1742-1821
400 1# - TRAZADO DE VÉASE--NOMBRE DE PERSONA
- Nombre de persona: Azara y Perera, Félix de,
- Fechas asociadas al nombre: 1742-1821
670 ## - FUENTE DE DATOS ENCONTRADOS
- Cita de la fuente: Descripción general de Paraguay, 1990
- Información encontrada: port. (Félix de Azara)
670 ## - FUENTE DE DATOS ENCONTRADOS
- Cita de la fuente: Félix de Azara, ingeniero y naturalista del siglo XVIII, 1987
670 ## - FUENTE DE DATOS ENCONTRADOS
- Cita de la fuente: Descripción e historia de Paraguay, 2010
- Información encontrada: port. (Félix Azara)
670 ## - FUENTE DE DATOS ENCONTRADOS
- Cita de la fuente: Dic. de literatura española e hispanoamericana, 1993
- Información encontrada: (Azara, Félix de (1742-1821))
